Perspektívy podnikania v Indii: pomoc slovenským podnikateľom pri vstupe na indický trh zborník z prvej vedecko-podnikateľskej konferencie
Salvato in:
| Enti autori: | , , |
|---|---|
| Altri autori: | , |
| Natura: | Libro |
| Lingua: | slovacco |
| Pubblicazione: |
Bratislava
Národná agentúra pre rozvoj malého a stredného podnikania
2009
|
| Soggetti: | |
| Tags: |
Nessun Tag, puoi essere il primo ad aggiungerne!!
|
MARC
| LEADER | 00000nam$a2200000$$$4500 | ||
|---|---|---|---|
| 001 | 0113426 | ||
| 005 | 20240318115238.6 | ||
| 020 | |a 978-80-88-957-46-1 | ||
| 041 | 0 | |a slo | |
| 044 | |a SK | ||
| 245 | 1 | 0 | |a Perspektívy podnikania v Indii: pomoc slovenským podnikateľom pri vstupe na indický trh |b zborník z prvej vedecko-podnikateľskej konferencie |c koordinátor konferenčného zborníka Tigran Aleksanyan |
| 264 | 1 | |a Bratislava |b Národná agentúra pre rozvoj malého a stredného podnikania |c 2009 | |
| 300 | |a 134 s. | ||
| 610 | 2 | 0 | |a podnikanie |
| 610 | 2 | 0 | |a podnikanie medzinárodné |
| 610 | 2 | 0 | |a vzťahy hospodárske medzinárodné |
| 610 | 2 | 0 | |a rozvoj hospodársky |
| 610 | 2 | 0 | |a obchod medzinárodný |
| 610 | 2 | 0 | |a doprava medzinárodná |
| 610 | 2 | 0 | |a vlastníctvo duševné |
| 610 | 2 | 0 | |a údaje štatistické medzinárodné |
| 610 | 2 | 0 | |a India |
| 610 | 2 | 0 | |a Slovensko |
| 700 | 1 | |a Aleksanyan, Tigran | |
| 700 | 1 | |a Grešš, Martin, 1978- | |
| 110 | 2 | |a Perspektívy podnikania v Indii: pomoc slovenským podnikateľom pri vstupe na indický trh. Konferencia | |
| 710 | 2 | |a Ekonomická univerzita v Bratislave. Fakulta medzinárodných vzťahov | |
| 710 | 2 | |a SlovakAid | |